000 00658cam a22002172 4500
001 0000020709
005 20151217145926.0
008 111005s xx 000 0 eng d
020 _a9966446133
040 _aKABU
_cKABU
100 1 _aPenwill, D. J.
_@0000180152
245 1 0 _aKamba customary law :
_bnotes taken in the Machakos District of Kenya /
_cby D. J. Penwill.
250 _a1st ed.
260 _aNairobi :
_bK. L. B.,
_c1951.
300 _a122 p.
650 0 _aLaw, Kamba.
_@0000181225
650 0 _aCustomary law
_zKenya.
_@0000161214
852 1 _9p500 KES
908 _a111005
950 _@1
999 _c4170
_d4170